000 00741nam a2200229Ia 4500
005 20260430150743.0
008 008 250103s9999 xx 000 0 hin d
037 _aTheses
040 _aCRL
040 _bhin
040 _chin
041 _2hin
041 _ahin
084 _qCRL
100 _aअलका, ले.
245 0 _aस्वातंत्रयोत्तर हिन्दी रंगालोचना और जयदेव तनेजा की रंगदृष्टि
260 _c2022
300 _a232पृ0
700 _aदिल्ली विश्वविद्यालय. कला संकाय. हिन्दी विभाग
942 _cTH
999 _c1850612
_d1850612